01563naa a22002411i 45000010005000000030009000050050017000140080041000310400036000720840010001081000159001182450127002775000021004045200410004256500025008356550030008606500029008907000149009197730187010689420013012559990015012689520038012836131KOSZ 00520190610114326.0140617s2008 pl f |100 0 pol d cKOSZ 005aKOSZ 005dKOSZ 005/ac a621.91 aZAWADA-TOMKIEWICZ, Anna.d1996 - .bPolitechnika Koszalińska - Wydział Mechaniczny,cZakład Zarządzania i Marketingu w Budowie i Eksploatacji Maszyn10aOpis parametryczny obrazu obrobionej powierzchni po toczeniu ostrzami z pokryciem /cAnna Zawada-Tomkiewicz, Borys Storch. aDane z autopsji. aW przedstawionej pracy omówiono parametry technologiczne procesów osadzania warstw TiN oraz TiA1N metodą fizyczną PVD. Opisano wyniki badań właściwości tribologicznych tych warstw. Przedstawiono wpływ parametrów skrawania na zużycie ostrza i chropowatość powierzchni obrobionej dla ostrzy z węglika spiekanego pokrytego warstwą TiN i TiA1N oraz dla porównania - niepokrytego. 0aOstrza skrawające. 0aMateriały konferencyjne. 0aInżynieria powierzchni1 aSTORCH, Borys.d1996 - .bPolitechnika Koszalińska - Wydział Mechaniczny,cZakład Zarządzania i Marketingu w Budowie i Eksploatacji Maszyn0 iW :tObróbka skrawaniem : Innowacje / pod red. Jerzego Stósa. -dKraków : Instytut Zaawansowanych Technologii Wytwarzania, 2008. -gs. 328-335kSzkoła Obróbki Skrawaniem ; 2 cROZ2UKD c6131d6131 00104070aBPKbBPKo101162yROZ